|
|
|
|
| LEADER |
00000nam a22000007a 4500 |
| 005 |
20200206121652.0 |
| 007 |
cr|||| |||| |
| 008 |
200206s2019 es |||||s|||| 00||0 spa d |
| 020 |
|
|
|a 978-84-17310-81-3
|
| 035 |
|
|
|a 31055
|
| 040 |
|
|
|a vLex
|
| 090 |
|
|
|c 10135
|d 10135
|
| 100 |
1 |
|
|a Serrano Garca̕, Juana Mara̕
|
| 245 |
1 |
2 |
|a La proteccin̤ de datos y la regulacin̤ de las tecnologa̕s en la negociacin̤ colectiva y en la jurisprudencia
|h [Recurso electrn̤ico] /
|c Juana Mara̕ Serrano Garca̕
|
| 256 |
|
|
|a Servicio en ln̕ea
|
| 260 |
|
|
|a Albacete:
|b Editorial Bomarzo,
|c 2019
|
| 300 |
|
|
|a 1 recurso electrn̤ico
|
| 500 |
|
|
|a Las nuevas tecnologa̕s de la informacin̤ y la comunicacin̤ son imprescindibles en nuestra vida personal y profesional y por esta razn̤ el derecho fundamente a la proteccin̤ de datos ha sido el objetivo de la Ley 3/2018. Este trabajo se ocupa de analizar cm̤o juega este derecho en el marco de las relaciones laborales, frente a la facultad de control y direccin̤ del empresario y a su poder disciplinario, abordǹdose cuestiones como ¿se estǹ cumpliendo en el marco de la empresa los principios bs̀ico de esta Ley?, ¿es posible un control empresarial ilimitado de los dispositivos tecnolg̤icos puestos a disposicin̤?.
|
| 506 |
1 |
|
|a Disponible solo en los productos indicados
|d vLex Global
|d vLex Global (Academic Edition, excluding Law Schools)
|d vLex Global (U.S. Academic Edition, Law Schools)
|d vLex Global (U.S. Academic Edition, excluding Law Schools)
|d vLex Global (Academic Edition, Law Schools)
|
| 650 |
0 |
4 |
|a Derecho Civil
|z Espaą
|
| 650 |
0 |
4 |
|a Derecho Laboral y Seguridad Social
|z Espaą
|
| 740 |
0 |
|
|a vLex Libros (Servicio en ln̕ea)
|
| 856 |
4 |
0 |
|u http://vlex.com/source/proteccion-de-datos-y-la-regulacion-de-las-tecnologias-en-la-negociacion-colectiva-y-en-la-jurisprudencia-31055
|z Acceso restringido
|
| 942 |
|
|
|c BOOK
|
| 999 |
0 |
|
|a Civil Law
|
| 999 |
0 |
|
|a Labor Law and Social Security
|